Animal Similes (Phrases Mentioning the Furry or Feathered) - Statistics

General Stats
  • This quiz has been taken 76 times
  • The average score is 10 of 20
Answer Stats
Phrase % Correct
As sly as a {fox}.
97%
As free as a {bird}.
85%
As strong as an {ox}.
85%
As blind as a {bat}.
78%
As wise as an {owl}.
75%
As slippery as an {eel}.
72%
As busy as a {beaver}, or as a {bee}.
71%
As stubborn as a {mule}.
71%
As poor as a church {mouse}.
69%
As proud as a {peacock}.
55%
As slow as a {snail}.
49%
As drunk as a {skunk}.
42%
As dead as a {dodo}.
28%
As wild as a {tiger}.
26%
As sick as a {parrot}. (Or a dog).
23%
As meek as a {lamb}.
20%
As bald as a {coot}.
17%
As crazy as a {loon}.
17%
As weak as a {kitten}.
15%
As fit as a butcher's {dog}, or as a {flea}.
2%
No matching quizzes found
Score Distribution
Percent of People with Each Score
Percentile by Number Answered
Your Score History
You have not taken this quiz